00809cam a22002411 45000010008000000030004000080050017000120080041000290100017000700400018000870430012001050820016001171000049001332450073001822600033002553000024002885040041003126500047003539060045004009420012004459990015004579520095004722644099OSt20230622122622.0740520s1967 nyu b 000 0 eng  a 67012797  aDLCcDLCdDLC an-us---00a329.02bNIC1 aNichols, Roy F.q(Roy Franklin),d1896-1973.14aThe invention of the American political parties,cby Roy F. Nichols. aNew York,bMacmillanc[1967] axii, 416 p.c24 cm. a"Bibliographical notes": p. 393-400. 0aPolitical partieszUnited StatesxHistory. a7bcbccorignewdueocipf19gy-gencatlg 2ddccBK c2342d2342 00102ddc4070a002b002d2023-06-22l0o329.02 NICp10001312r2023-06-22w2023-06-22yBK